Juicio Ejecutivo Prc̀tica Forense /

Detalles Bibliográficos
Autor principal: Chv̀ez Chv̀ez, Eric Andrš
Formato: eBook
Lenguaje:español
Publicado: Santiago de Chile: Editorial vLex, 2019
Materias:
Acceso en línea:Acceso restringido

MARC

LEADER 00000nam a22000007a 4500
005 20200205220144.0
007 cr|||| ||||
008 200205s2019 cl |||||s|||| 00||0 spa d
020 |a 978-956-8217-59-4 
035 |a 31024 
040 |a vLex 
090 |c 10121  |d 10121 
100 1 |a Chv̀ez Chv̀ez, Eric Andrš 
245 1 0 |a Juicio Ejecutivo  |h [Recurso electrn̤ico] :  |b Prc̀tica Forense /  |c Eric Andrš Chv̀ez Chv̀ez 
256 |a Servicio en ln̕ea 
260 |a Santiago de Chile:  |b Editorial vLex,  |c 2019 
300 |a 1 recurso electrn̤ico 
506 1 |a Disponible solo en los productos indicados  |d vLex Global  |d vLex Global (Academic Edition, excluding Law Schools)  |d vLex Global (U.S. Academic Edition, Law Schools)  |d vLex Global (U.S. Academic Edition, excluding Law Schools)  |d vLex Global (Academic Edition, Law Schools) 
650 0 4 |a Derecho Procesal  |z Chile 
740 0 |a vLex Libros (Servicio en ln̕ea) 
856 4 0 |u http://vlex.com/source/juicio-ejecutivo-practica-forense-31024  |z Acceso restringido 
942 |c BOOK 
999 0 |a Procedural law